000
00287 a2200145 4500
001
48066
020
_a
8504008444
040
_c
Anchieta - Aquarius
240
1
0
_a
Cores
_l
por
245
1
0
_a
Cores
300
_a
43
362
0
_a
2005
650
4
_a
Literatura infanto-juvenil
942
_c
BK
999
_c
48066
_d
48066